| 000 -CABECERA |
| Longitud fija campo de control |
01077nam a22002537a 4500 |
| 003 - IDENTIFICADOR DEL NÚMERO DE CONTROL |
| Identificador del número de control |
OSt |
| 005 - FECHA Y HORA DE LA ÚLTIMA TRANSACCIÓN |
| Fecha y hora de la última transacción |
20151026133603.0 |
| 008 - CÓDIGOS DE INFORMACIÓN DE LONGITUD FIJA |
| Códigos de información de longitud fija |
130718s2012 sp ||||| |||| 00| 0 cat d |
| 040 ## - FUENTE DE LA CATALOGACIÓN |
| Centro transcriptor |
CDMR |
| 100 1# - PUNTO DE ACCESO PRINCIPAL-NOMBRE DE PERSONA |
| 9 (RLIN) |
3900 |
| Nombre de persona |
Argemí Ballbé, Marc |
| Fechas asociadas al nombre |
1979- |
| 245 13 - MENCIÓN DE TÍTULO |
| Título |
La credibilitat dels rumors i les notícies |
| Resto del título |
: recerca a propòsit de la Segona Guerra Mundial |
| Mención de responsabilidad, etc. |
Marc Argemí i Ballbè ; Salvador Cardús i Ros (director) ; Santiago Ramentol i Massana (tutor) |
| Medio |
[recurs electrònic] |
| 260 ## - PUBLICACIÓN, DISTRIBUCIÓN, ETC. (PIE DE IMPRENTA) |
| Lugar de publicación, distribución, etc. |
Bellaterra |
| Fecha de publicación, distribución, etc. |
2012 |
| 300 ## - DESCRIPCIÓN FÍSICA |
| Extensión |
411 p. |
| 502 ## - NOTA DE TESIS |
| Nota de tesis |
Tesi defensada el 10 d'abril de 2012, |
| Nombre de la institución que otorga el tí,tulo |
Universitat Autònoma de Barcelona. Departament de Mitjans, Comunicació i Cultura |
| 650 04 - PUNTO DE ACCESO ADICIONAL DE MATERIA - TÉRMINO DE MATERIA |
| 9 (RLIN) |
3901 |
| Término de materia o nombre geográfico como elemento inicial |
Rumor |
| 650 04 - PUNTO DE ACCESO ADICIONAL DE MATERIA - TÉRMINO DE MATERIA |
| 9 (RLIN) |
3176 |
| Término de materia o nombre geográfico como elemento inicial |
Premsa i propaganda |
| 650 04 - PUNTO DE ACCESO ADICIONAL DE MATERIA - TÉRMINO DE MATERIA |
| 9 (RLIN) |
3587 |
| Término de materia o nombre geográfico como elemento inicial |
Guerra Mundial II, 1939-1945 |
| 650 04 - PUNTO DE ACCESO ADICIONAL DE MATERIA - TÉRMINO DE MATERIA |
| 9 (RLIN) |
2994 |
| Término de materia o nombre geográfico como elemento inicial |
Tesis i dissertacions acadèmiques |
| 700 1# - PUNTO DE ACCESO ADICIONAL - NOMBRE DE PERSONA |
| 9 (RLIN) |
145 |
| Nombre de persona |
Cardús, Salvador |
| 700 1# - PUNTO DE ACCESO ADICIONAL - NOMBRE DE PERSONA |
| 9 (RLIN) |
736 |
| Nombre de persona |
Ramentol Massana, Santiago |
| 710 2# - PUNTO DE ACCESO ADICIONAL - NOMBRE DE ENTIDAD |
| 9 (RLIN) |
3477 |
| Nombre de entidad o nombre de jurisdicción como elemento inicial |
Universitat Autònoma de Barcelona |
| 856 40 - LOCALIZACIÓN Y ACCESO ELECTRÓNICO |
| Identificador Uniforme del Recurso (URI) |
<a href="http://hdl.handle.net/10803/96789">http://hdl.handle.net/10803/96789</a> |
| Texto del enlace |
Disponible en línia (TDX) |
| 942 ## - ENTRADA DE ELEMENTOS AGREGADOS (KOHA) |
| Fuente de clasificaión o esquema |
|
| Koha [por defecto] tipo de item |
Tesines en línia |